00576nam a22001577a 450000500170000000800410001702000180005804100130007608200140008910000440010324501590014725000220030626000440032830000200037265000260039220231117134658.0231117b |||||||| |||| 00| 0 eng d a9780409116663 aEnglish  a343.4 SIL ade Koker, A and Williams, RC lEnglish  aSilke on South African Income Tax : bBeing an exposition of the Law, Practice and Incidence of Income Tax in South Africa / cA de Koker and RC Williams  aMemorial Edition  aDurban : bLexisNexis (Pty) Ltd, c1995 bcxli, c27 cm.  aLegal practice bLaw